The spirit of Russian economics /

Bibliographic Details
Main Author: Normano, Joao Frederico, 1890-
Corporate Author: Russian Economic Institute
Format: Book
Language:English
Published: New York : The John Day Co., [1945]
Subjects:

MARC

Tag First Indicator Second Indicator Subfields
LEADER 00000cam a2200000 4500
001 in00000063221
005 20151008051724.0
008 730406s1945 nyu b 00000 eng
010 |a  44047993  
035 |a (OCoLC)00598686 
035 |9 AAG9620AM 
040 |c WSU  |d TXA  |d UtOrBLW 
049 |a TXAM  |c [163173] 
050 0 |a HB113.A2  |b N6 
092 |a 330.1  |b N849s 
100 1 |a Normano, Joao Frederico,  |d 1890- 
245 1 4 |a The spirit of Russian economics /  |c [by J. F. Normano, issued in co-operation with the Russian economic institute. 
264 1 |a New York :  |b The John Day Co.,  |c [1945] 
264 4 |c [©1945] 
300 |a 170 pages 
336 |a text  |b txt  |2 rdacontent 
337 |a unmediated  |b n  |2 rdamedia 
338 |a volume  |b nc  |2 rdacarrier 
504 |a "Bibliographical note": pages 152-156. "Reference notes": pages 157-162. 
650 0 |a Economics  |x History  |z Soviet Union. 
710 2 |a Russian Economic Institute. 
999 |a MARS 
999 f f |s 26c7ac6e-6795-3b4c-9329-7adfcd0e0122  |i 2f835e46-9918-3e6d-9968-a8f6ae9ea680  |t 0 
952 f f |p ric  |a Texas A&M University  |b Rellis Campus  |c Joint Library Facility  |d Remote Storage  |t 0  |e HB113.A2 N6  |h Library of Congress classification  |i unmediated -- volume  |m A14800691303 
998 f f |a HB113.A2 N6  |t 0  |l Remote Storage